| 000 | 00339nam a2200133Ia 4500 | ||
|---|---|---|---|
| 008 | 150301s1993 xx 000 0 und d | ||
| 082 |
_a610.7368 _bH93N |
||
| 100 | _aNOLAN PETER | ||
| 245 | 2 | _aA HISTORY OF MENTAL HEALTH NURSING | |
| 260 |
_bSTANLY THOMAS PUB. _c1993 |
||
| 300 | _a178 | ||
| 650 | _aMENTAL HEALTH NURSING | ||
| 942 |
_2ddc _cBK |
||
| 999 |
_c6866 _d6866 |
||